| 000 | 01158nam0a22003011 4500 | ||
|---|---|---|---|
| 001 | v19\rc\2001918 | ||
| 005 | 20251118181309.4 | ||
| 035 | _a(NLR Aleph) 005077281 | ||
| 090 |
_a7158831 _c7158831 |
||
| 100 | _a20080811d1915 u y0rusy50 ca | ||
| 101 | 0 | _arus | |
| 102 | _aRU | ||
| 105 | _ay z ||||| | ||
| 200 | 1 |
_aПодсудность и замена наказаний военнослужащим _eПо Воин. и Воен.-мор. уставам, по Улож. о наказ., Угол. улож. и Уст. о наказ. _eНагляд. табл. _fН.И. Иванов |
|
| 205 | _aНеофиц. изд. | ||
| 210 |
_aОдесса _c[изд. Н. Иванова] _d1915 _gтип. "Спорт и наука" |
||
| 215 |
_a31 с. _d21 |
||
| 700 | 1 |
_7ca _8rus _aИванов _bН. И. _cюрист, публицист _gНиколай Иванович _92642038 _3RU\NLR\AUTH\770272675 |
|
| 801 | 0 |
_aRU _bNLR _gpsbo |
|
| 801 | 0 |
_aRU _bRuMoRGB _2psbo |
|
| 801 | 1 |
_aRU _bProSoft-M _2rusmarc |
|
| 852 |
_aNLR _j37.58.6.95 |
||
| 899 |
_aRuMoRGB _jV 106/54 |
||
| 899 |
_aRuMoRGB _jΔ 417/219 |
||
| 899 | _aБАН | ||
| 942 | _cBOOK | ||
| 980 | _aNB | ||